Ленинградский дизайн. Как это было (Запись № 12638642)

Подробности
000 -МАРКЕР
контрольное поле 03176nam0a2200421 4500
001 - ИДЕНТИФИКАТОР ЗАПИСИ
контрольное поле RU\NLR\BIBL_A\012919071
005 - ИДЕНТИФИКАТОР ВЕРСИИ
контрольное поле 20230111113150.0
010 ## - МЕЖДУНАРОДНЫЙ СТАНДАРТНЫЙ НОМЕР КНИГИ (ISBN)
Номер (ISBN) 978-5-7422-7712-5
Тираж 220
021 ## - НОМЕР ГОСУДАРСТВЕННОЙ РЕГИСТРАЦИИ
Код страны Российская Федерация
Номер АЛ-П-22-00747и
Номер Листа государственной регистраци АЛ-П-22-0146
035 ## - ДРУГИЕ СИСТЕМНЫЕ НОМЕРА
Идентификатор записи (NLR Aleph) 012919071
035 ## - ДРУГИЕ СИСТЕМНЫЕ НОМЕРА
Идентификатор записи (RuMoRGB)011191881
100 ## - ДАННЫЕ ОБЩЕЙ ОБРАБОТКИ
Данные общей обработки 20221024d2022 u y0rusy50 ca
101 0# - ЯЗЫК РЕСУРСА
Язык текста, звукозаписи и т.д. русский
102 ## - СТРАНА ПУБЛИКАЦИИ ИЛИ ПРОИЗВОДСТВА
Страна публикации Российская Федерация
105 ## - ПОЛЕ КОДИРОВАННЫХ ДАННЫХ: ТЕКСТОВЫЕ МАТЕРИАЛЫ, МОНОГРАФИЧЕСКИЕ
Кодированные данные о монографическом текстовом документе c||z|||010zy
181 #0 - ПОЛЕ КОДИРОВАННЫХ ДАННЫХ: ВИД СОДЕРЖАНИЯ
Код вида содержания (ISBD) b3
Код характеристики содержания (ISBD) хb2e
181 #0 - ПОЛЕ КОДИРОВАННЫХ ДАННЫХ: ВИД СОДЕРЖАНИЯ
Код вида содержания (ISBD) i1
Код характеристики содержания (ISBD) axxe
182 #0 - ПОЛЕ КОДИРОВАННЫХ ДАННЫХ: ТИП СРЕДСТВА
Код типа средства (ISBD) n - непосредственное
200 1# - ЗАГЛАВИЕ И СВЕДЕНИЯ ОБ ОТВЕТСТВЕННОСТИ
Основное заглавие Ленинградский дизайн. Как это было
Первые сведения об ответственности А. А. Печкин, С. Ю. Дужников
Последующие сведения об ответственности Санкт-Петербургский союз дизайнеров
203 ## - ВИД СОДЕРЖАНИЯ И ТИП СРЕДСТВА
Вид содержания Изображение
-- Текст
Дополнительные сведения об издании визуальные
Тип средства непосредственные
210 ## - ПУБЛИКАЦИЯ, РАСПРОСТРАНЕНИЕ И ДР.
Место издания, распространения и т.д. Санкт-Петербург
Имя издателя, распространителя и т. д. Политех-Пресс
Дата издания, распространения и т.д. 2022
215 ## - ФИЗИЧЕСКАЯ ХАРАКТЕРИСТИКА
Специфическое обозначение материала и объем 127 с.
Другие сведения о физической характеристике ил., портр., табл., цв. ил.
Размеры 25
300 ## - ОБЩИЕ ПРИМЕЧАНИЯ
Текст примечания Посвящается 60-летию ВНИИТЭ и 35-летию Союза дизайнеров СССР
330 ## - РЕЗЮМЕ ИЛИ РЕФЕРАТ
Текст примечания Развитие промышленного дизайна в двадцатом веке шло бурно. Хорошо известны такие "реперные точки" этого процесса, как БАУХАУС, ВХУТЕМАС, ВХУТЕИН и т. д., однако советская история второй половины прошлого века в литературе освещена достаточно слабо. Монография "Ленинградский дизайн. Как это было" рассказывает о ВНИИТЭ - структуре, внесшей неоценимый вклад в историю дизайна, причем акцент делается на деятельности Ленинградского филиала ВНИИТЭ, заместителем директора которого был А. А. Печкин, чьи личные воспоминания особенно ценны. При этом авторы убеждены, что наработанный тогда опыт во многом актуален и сегодня
606 1# - НАИМЕНОВАНИЕ ТЕМЫ КАК ПРЕДМЕТ
Наименование темы Промышленное искусство русское советское
Географический подзаголовок Ленинград, город
Системный номер авторитетной/нормативной записи 2536814
Идентификатор авторитетной/нормативной записи RU\NLR\AUTH\6601715774
606 1# - НАИМЕНОВАНИЕ ТЕМЫ КАК ПРЕДМЕТ
Наименование темы Промышленные товары
Тематический подзаголовок Художественное оформление
Системный номер авторитетной/нормативной записи 1991547
Идентификатор авторитетной/нормативной записи RU\NLR\AUTH\66914387
686 1# - ИНДЕКСЫ ДРУГИХ КЛАССИФИКАЦИЙ
Индекс Щ129.3(2Р=Рус)7-692Ленинград
686 1# - ИНДЕКСЫ ДРУГИХ КЛАССИФИКАЦИЙ
Индекс Ю804
700 #1 - ИМЯ ЛИЦА - ПЕРВИЧНАЯ ОТВЕТСТВЕННОСТЬ
Начальный элемент ввода Печкин
Часть имени, кроме начального элемента ввода А.А.
Расширение инициалов личного имени Алексей Алексеевич
701 #1 - ИМЯ ЛИЦА - АЛЬТЕРНАТИВНАЯ ОТВЕТСТВЕННОСТЬ
Начальный элемент ввода Дужников
Часть имени, кроме начального элемента ввода С. Ю.
Расширение инициалов личного имени Сергей Юрьевич
712 02 - НАИМЕНОВАНИЕ ОРГАНИЗАЦИИ - ВТОРИЧНАЯ ОТВЕТСТВЕННОСТЬ
Код отношения Прочие
Начальный элемент ввода ВНИИ технической эстетики
Структурное подразделение Ленинградский филиал
Системный номер авторитетной/нормативной записи 817796
Идентификатор авторитетной/нормативной записи RU\NLR\AUTH\880576011
712 02 - НАИМЕНОВАНИЕ ОРГАНИЗАЦИИ - ВТОРИЧНАЯ ОТВЕТСТВЕННОСТЬ
Код отношения Прочие
Начальный элемент ввода Санкт-Петербургский союз дизайнеров
Системный номер авторитетной/нормативной записи 652706
Идентификатор авторитетной/нормативной записи RU\NLR\AUTH\880496384
942 ## - ДОПОЛНИТЕЛЬНЫЕ ЭЛЕМЕНТЫ ЗАПИСИ (АБИС)
Тип экземпляра АБИС Книга
980 ## - КОЛЛЕКЦИЯ
Название коллекции Национальная библиография
Экземпляры
Тип экземпляра Дата поступления Источник поступления Стоимость Библиотека постоянного хранения Библиотека текущего хранения Место хранения Шифр хранения Штрих-код Статус экземпляра
Книга 24.10.2022 Обязательный экземпляр 0.00 РНБ (Московский) РНБ (Московский) Русский книжный фонд: издания с 1957 года 2022-7/7712 1-4022243  
Книга 24.10.2022 Обязательный экземпляр 0.00 РНБ (Московский) РНБ (Московский) Русский книжный фонд: издания с 1957 года 2022-7/7712 1-4022244